مكتبة جامعة عجلون الوطنية

فهرس بحث المكتبة

Normal view MARC view
  • الغزالي، ابي حامد محمد بن محمد ؛ تقديم وضبط وتصحيح: عبد الكريم سامي الجندي

Entry Personal Name

Number of records used in: 1

001 - CONTROL NUMBER

  • control field: 7991

003 - CONTROL NUMBER IDENTIFIER

  • control field: JO-AjAnu

005 - DATE AND TIME OF LATEST TRANSACTION

  • control field: 20230606071606.0

008 - FIXED-LENGTH DATA ELEMENTS

  • fixed length control field: 230606|| aca||aabn | a|a d

040 ## - CATALOGING SOURCE

  • Original cataloging agency: JO-AjAnu
  • Transcribing agency: JO-AjAnu

100 ## - HEADING--PERSONAL NAME

  • Personal name: الغزالي، ابي حامد محمد بن محمد ؛ تقديم وضبط وتصحيح: عبد الكريم سامي الجندي

670 ## - SOURCE DATA FOUND

  • Source citation: Work cat.: (JO-AjAnu)4127: الغزالي، ابي حامد محمد بن محمد ؛ تقديم وضبط وتصحيح: عبد الكريم سامي الجندي, author, فضائح الباطنية وفضائل المستظهرية